Mundos: ciências físco-químicas
Gespeichert in:
| 1. Verfasser: | |
|---|---|
| Weitere Verfasser: | |
| Format: | keine Angabe |
| Sprache: | Portugiesisch |
| Erschienen: |
Carnaxide
Constância
D.L. 2003
|
| Ausgabe: | 1ª ed. |
| Katalog: | MANES: Suchergebnis im Bibliothekskatalog |
| Schulbuchspezifische Eigenschaften: |
|
| Schriftenreihe: | Dossier do professor
|
| Tags: |
Tag hinzufügen
Keine Tags, Fügen Sie den ersten Tag hinzu!
|
| Hinzugefügt zu: | 26.04.2016 |
| Geändert in: | 25.04.2025 |
MARC
| LEADER | 000000000a22000000004500 | ||
|---|---|---|---|
| 001 | 29351 | ||
| 003 | OSt | ||
| 005 | 20250425111515.0 | ||
| 008 | 160427s pt ||||| |||| 00| 0 por d | ||
| 040 | |c centro_manes | ||
| 041 | 1 | |a por | |
| 100 | 1 | |a Daniel, Vera |9 16041 | |
| 245 | 0 | 0 | |a Mundos: ciências físco-químicas |
| 250 | |a 1ª ed. | ||
| 260 | 3 | |a Carnaxide |b Constância |c D.L. 2003 | |
| 300 | |a 1 pasta com 2 vol.; |c 33 cm ; | ||
| 440 | |a Dossier do professor |9 15832 | ||
| 500 | |a [1º v.] |a [1º v.] : [2º v.] : Sustentabilidade na terra / Vera Daniel. - 56 p. |a [2º v.] | ||
| 505 | 0 | |a 6 acetatos em bolsa | |
| 561 | |5 pt-BNP |a Portugal. Biblioteca Nacional de Portugal |k MANES | ||
| 691 | |a SE | ||
| 690 | |a FQ | ||
| 700 | 1 | |a Félix, Miguel |9 16043 |a Pires, Isabel |9 16033 |a Ribeiro, Sandra |9 15866 | |
| 942 | |2 ddc |c BK | ||
| 546 | |a Portugal | ||
| 999 | |c 30813 |d 30813 | ||
| 999 | |c manes:30813 |d 30813 | ||